000 00908nam a2200301 a 4500
001 24284
003 CO-ViMGA
008 141112s2004 ck r 000 u spa d
015 _ack - 2008 - xxxx
020 _a9789583030345
040 _aCO-ViMGA
_bspa
_cCO-ViMGA
041 _aspa
_beng
043 _ae - uk - en
090 _aALLg
100 1 _aAllen, Judy
_950278
245 1 0 _aEl gato dormilón /
_cJudy Allen ; ilustrado por Philip Giordano ; traducción Diana Esperanza Gómez.
250 _a1a. ed.
260 _aBogotá :
_bPanAméricana,
_c2008.
300 _a31 p. : il. ; 29 cm.
490 _aHistorias de animales
596 _a5 7
650 1 4 _aCuentos infantiles ingleses - Siglo XX
_935469
650 1 4 _aGatos - Cuentos infantiles
700 1 _aGiordano, Philip, il.
_935470
917 _a7807 20081127
942 _2ddc
_cBK
999 _c32281
_d32281